| 000 | 00344nam a2200133 4500 | ||
|---|---|---|---|
| 999 |
_c9558 _d9558 |
||
| 003 | OSt | ||
| 005 | 20210705101353.0 | ||
| 008 | 210705b ||||| |||| 00| 0 eng d | ||
| 020 | _a9781945150487 | ||
| 082 |
_a725.51 _bHUR |
||
| 100 | _a Hurtado de Mendoza, Maria | ||
| 245 | _aClinical : an architecture of variation with repetition | ||
| 942 | _2ddc | ||